000 00509nam a2200133Ia 4500
008 200928s9999 xx 000 0 und d
020 _a978-621-8035-55-3
100 _aPrieto, Nelia G.
245 _cNelia G. Prieto, Clotilde N. Arcangel, Brenda B. Corpuz.--
_aThe teacher and ther community, school culture and organizational leadership /
260 _aQuezon City :
_bLorimar Publishing, Inc.
_c2019
300 _axiv , 253 pages :
_billustrations ;
_c25 cm.
650 _aLeadership
650 _aOrganization
999 _c364551
_d364551